Kabale University Library Catalogue

Oxford School French dictionary / (Record no. 5771)

MARC details
000 -LEADER
fixed length control field 01183cam a2200301 i 4500
005 - DATE AND TIME OF LATEST TRANSACTION
control field 20250804160104.0
008 - FIXED-LENGTH DATA ELEMENTS--GENERAL INFORMATION
fixed length control field 170830s2017 enk j 000 0 fre
020 ## - INTERNATIONAL STANDARD BOOK NUMBER
International Standard Book Number 9780198408017
Qualifying information pbk.
020 ## - INTERNATIONAL STANDARD BOOK NUMBER
International Standard Book Number 0198408013
Qualifying information pbk.
040 ## - CATALOGING SOURCE
Original cataloging agency KABLIB
Language of cataloging eng
Description conventions rda
Transcribing agency KABLIB
082 00 - DEWEY DECIMAL CLASSIFICATION NUMBER
Classification number 443.21
Edition number 23
Item number OXF
245 00 - TITLE STATEMENT
Title Oxford School French dictionary /
Statement of responsibility, etc. editors, Valerie Grundy, Nicholas Rollin, with the assistance of Natlie Pomier.
246 30 - VARYING FORM OF TITLE
Title proper/short title School French dictionary
250 ## - EDITION STATEMENT
Edition statement 6th ed.
260 ## - PUBLICATION, DISTRIBUTION, ETC.
Place of publication, distribution, etc. Oxford ;
Name of publisher, distributor, etc. New York :
-- Oxford University Press,
Date of publication, distribution, etc. c2017
300 ## - PHYSICAL DESCRIPTION
Extent vi, 634 p.
Dimensions 16 cm
500 ## - GENERAL NOTE
General note "Build vocabulary and language skills"--Cover.
500 ## - GENERAL NOTE
General note Previous edition: 2012.
546 ## - LANGUAGE NOTE
Language note Text translated from French to English and French to English.
650 #0 - SUBJECT ADDED ENTRY--TOPICAL TERM
Topical term or geographic name entry element English language
Form subdivision Dictionaries, Juvenile
General subdivision French.
9 (RLIN) 14601
650 #0 - SUBJECT ADDED ENTRY--TOPICAL TERM
Topical term or geographic name entry element French language
Form subdivision Dictionaries, Juvenile
General subdivision English.
9 (RLIN) 14602
650 #0 - SUBJECT ADDED ENTRY--TOPICAL TERM
Topical term or geographic name entry element Picture dictionaries, French.
9 (RLIN) 14603
650 #0 - SUBJECT ADDED ENTRY--TOPICAL TERM
Topical term or geographic name entry element Picture dictionaries, English.
9 (RLIN) 14604
700 1# - ADDED ENTRY--PERSONAL NAME
Personal name Grundy, Valerie,
Relator term editor.
9 (RLIN) 3037
700 1# - ADDED ENTRY--PERSONAL NAME
Personal name Rollin, Nicholas,
Relator term editor.
9 (RLIN) 3039
700 1# - ADDED ENTRY--PERSONAL NAME
Personal name Pomier, Natalie,
Relator term editor.
9 (RLIN) 14605
942 ## - ADDED ENTRY ELEMENTS (KOHA)
Source of classification or shelving scheme Dewey Decimal Classification
Koha item type Book
Holdings
Withdrawn status Lost status Source of classification or shelving scheme Damaged status Not for loan Home library Current library Shelving location Date acquired Total Checkouts Full call number Barcode Date last seen Price effective from Koha item type
    Dewey Decimal Classification     Education Library Education Library Reserve Section 04.08.2025   443.21 OXF 13947 04.08.2025 04.08.2025 Book

Kabale University Library | Kabale University P.O Box 317, Kabale, Uganda
Tel : +256754017033, +256774661503 E-mail : library@kab.ac.ug